| 000 | 00518nam a2200193 a 4500 | ||
|---|---|---|---|
| 001 | 6494 | ||
| 003 | CO-ViMGA | ||
| 008 | 141112s2004 ck r 000 u spa d | ||
| 040 |
_aCO-ViMGA _bspa _cCO-ViMGA |
||
| 082 | 0 | 4 | _a745.5 S248 |
| 100 | 1 |
_aSchwinge, Alisabeth _95313 |
|
| 245 | 1 | 0 |
_aPintura sobre seda : _bdecoración con brillo |
| 260 |
_aBuenos Aires : _bAlbatros, _c1994 |
||
| 300 | _a47 p : il | ||
| 490 | _aArtesanÃas mini | ||
| 650 | 1 | 4 |
_aARTESANIAS _94191 |
| 650 | 1 | 4 | _aPINTURA SOBRE SEDA |
| 942 |
_2ddc _cBK |
||
| 999 |
_c18464 _d18464 |
||